000 02529cam a2200205 4500500
005 20260111120700.0
041 _afre
042 _adc
100 1 0 _aBoutin, Gérald
_eauthor
700 1 0 _aFrancis, Véronique
_eauthor
700 1 0 _aBergonnier-Dupuy, Geneviève
_eauthor
700 1 0 _aOui, Anne
_eauthor
245 0 0 _aEn hommage à Paul Durning, fondateur de la Revue Internationale de l’Éducation Familiale
260 _c2019.
500 _a30
520 _aAlors que la littérature insiste sur le renforcement de la collaboration familles-professionnel-le-s et sur la capacité de ces dernières à négocier et penser les manières d’accueillir et d’éduquer de jeunes enfants, les professionnel-le-s soulignent, sur le terrain, leur difficulté à gérer quotidiennement leur relation avec les familles. Ils/Elles voudraient des solutions « rapides et standardisées », tout en reconnaissant que leur métier est aussi fait d’incertitudes. Cet article expose les résultats d’une recherche exploratoire collaborative menée en Fédération Wallonie-Bruxelles (FWB), basée sur des entretiens semi-dirigés dans le prolongement de travaux réalisés dans la région du Centre-Nord de l’Italie. Il fait apparaître des tensions vécues par les professionnel-le-s de la petite enfance dans leur relation avec les familles, en lien avec la notion de risques.
520 _aWhile the literature shows the importance of reinforcing collaboration between families and professionals, to make the latter able to negotiate ways to welcome and educate young children, professionals on the field express difficulties in managing their daily relationship with families. They ask for quick standard’ solutions, knowing at the same time that uncertainty is an important part of their profession. This article wants to better understand these difficulties based on the results of an exploratory collaborative research carried out by semi-directed interviews in the context of the Federation Wallonia-Brussels. The data have been confronted with the ones of a previous research obtained in the Center-North of Italy. The results show some tensions in the way professionals perceive the relationship with families and its connection with the concept of ‘risk’.
786 0 _nRevue internationale de l'éducation familiale | 44 | 2 | 2019-04-01 | p. 11-15 | 1279-7766
856 4 1 _uhttps://shs.cairn.info/revue-la-revue-internationale-de-l-education-familiale-2018-2-page-11?lang=fr&redirect-ssocas=7080
999 _c1634158
_d1634158